000 00901nam a22002777a 4500
001 2875
003 FISKH
005 20250820123806.0
008 240119b cb ||||| |||| 00| 0 eng d
020 _a9789814281287
040 _beng
_cFISKH
_dFISKH
_eFISKH
050 _a398.2
100 _aRandell, Beverley
245 _aSeven foolish fishermen /
_cRetold by Randell, Beverley : illustrated by Greenhatch, Betty
250 _aFirst published in 1999
260 _aSouth Melbourne :
_bNelson School,
_c1999
300 _a32 pages :
_bcolor illustrations ;
_c22 cm.
505 _aM
520 _aDesigned to be used by children in their first six months of school PM Starters One and Two
521 8 _a530
_bLexile
521 8 _aM
_bRaz-Plus
600 _2fishing
_vfiction
650 _afishing
_vfiction
700 _aGreenhatch, Betty
_eillustrator
942 _2ddc
_cBK
_n0
999 _c2875
_d2875